[Event "ENCI Limburg-open B"]
[Site "Maastricht"]
[Date "2011.06.13"]
[Round "7"]
[White "Cromsigt, Jeroen"]
[Black "Cornelius, Jorg"]
[Result "1/2-1/2"]
[WhiteElo "1902"]
[BlackElo "2031"]
[PlyCount "121"]
[EventDate "2011.06.10"]
[EventType "swiss"]
[EventRounds "7"]
[EventCountry "NED"]
[Source "P.Boonen"]
[SourceDate "2012.01.01"]

1. e4 Nf6 2. e5 Nd5 3. d4 d6 4. c4 Nb6 5. exd6 exd6 6. Nc3 Be7 7. Bd3 Nc6 8.
Nge2 Bg4 9. f3 Bh5 10. O-O O-O 11. Nf4 Bg6 12. Nxg6 hxg6 13. d5 Ne5 14. f4
Nexc4 15. Qb3 Na5 16. Qb5 Nac4 17. Bxc4 c6 18. Qb3 Nxc4 19. Qxc4 Qb6+ 20. Kh1
Rfe8 21. b3 Bf6 22. Bb2 Qe3 23. Nd1 Qe7 24. Bxf6 Qxf6 25. Qc3 Qh4 26. dxc6 bxc6
27. g3 Qh3 28. Nf2 Qd7 29. Rae1 c5 30. Rxe8+ Rxe8 31. Re1 Qc6+ 32. Kg1 Rxe1+
33. Qxe1 Qd5 34. Qd1 Qe6 35. Qd3 d5 36. Kg2 Qc6 37. Qf3 c4 38. bxc4 Qxc4 39.
Qb3 Qc5 40. a4 a6 41. Qd3 Qc6 42. Qd4 Kf8 43. g4 Qe6 44. a5 Kg8 45. Kf3 Qc6 46.
Nd1 Qb5 47. Ne3 Qxa5 48. Qxd5 Qa1 49. Qd8+ Kh7 50. Qh4+ Kg8 51. Qf2 a5 52. Qd2
Qh1+ 53. Kg3 Qa1 54. Nd1 a4 55. Nc3 a3 56. Kg2 Kh7 57. Na2 Qb1 58. Nc3 Qb7+ 59.
Kg3 Qb3 60. Kg2 Qb7+ 61. Kg3 1/2-1/2

[Event "ENCI Limburg-open B"]
[Site "Maastricht"]
[Date "2011.06.13"]
[Round "7"]
[White "Daamen, Roland"]
[Black "Mollema, Thomas"]
[Result "1/2-1/2"]
[WhiteElo "1858"]
[BlackElo "1884"]
[PlyCount "44"]
[EventDate "2011.06.10"]
[EventType "swiss"]
[EventRounds "7"]
[EventCountry "NED"]
[Source "P.Boonen"]
[SourceDate "2012.01.01"]

1. e4 e5 2. Nf3 Nc6 3. Bb5 a6 4. Ba4 Nf6 5. O-O Be7 6. Re1 b5 7. Bb3 O-O 8. a4
b4 9. d4 exd4 10. Nxd4 Nxd4 11. Qxd4 a5 12. Nd2 d6 13. Nc4 c5 14. Qd1 Be6 15.
Bg5 Ne8 16. Bxe7 Qxe7 17. Qf3 Nc7 18. Rad1 Rfd8 19. Nb6 Rab8 20. Nd5 Bxd5 21.
Bxd5 Ne6 22. Bxe6 fxe6 1/2-1/2

[Event "ENCI Limburg-open B"]
[Site "Maastricht"]
[Date "2011.06.13"]
[Round "7"]
[White "De Bruin, Joost"]
[Black "De Kleuver, Jonathan"]
[Result "0-1"]
[WhiteElo "1778"]
[BlackElo "1934"]
[PlyCount "72"]
[EventDate "2011.06.10"]
[EventType "swiss"]
[EventRounds "7"]
[EventCountry "NED"]
[Source "P.Boonen"]
[SourceDate "2012.01.01"]

1. e4 e5 2. Nf3 Nc6 3. Bc4 Bc5 4. b4 Bxb4 5. c3 Be7 6. d4 exd4 7. Qb3 Na5 8.
Bxf7+ Kf8 9. Qa4 Kxf7 10. Qxa5 c5 11. Qxd8 Bxd8 12. cxd4 d6 13. O-O b5 14. Bf4
Be7 15. Nc3 b4 16. Nd5 Bb7 17. Nxe7 Kxe7 18. dxc5 dxc5 19. Nd2 Nf6 20. f3 Rac8
21. Rfc1 Rc6 22. Rc2 Rhc8 23. Rac1 Nd7 24. Nc4 Ba6 25. Na5 Re6 26. Bg3 Bd3 27.
Bh4+ Ke8 28. Rd2 Bb5 29. Nb7 Rcc6 30. Nd8 Red6 31. Nxc6 Rxd2 32. Nxa7 Ba6 33.
Nc6 Rxa2 34. Be7 b3 35. Rb1 b2 36. Kf2 Bd3 0-1

[Event "ENCI Limburg-open B"]
[Site "Maastricht"]
[Date "2011.06.13"]
[Round "7"]
[White "De Ridder, Naomi"]
[Black "Ingelaere, Frederic"]
[Result "0-1"]
[WhiteElo "1741"]
[BlackElo "1767"]
[PlyCount "74"]
[EventDate "2011.06.10"]
[EventType "swiss"]
[EventRounds "7"]
[EventCountry "NED"]
[Source "P.Boonen"]
[SourceDate "2012.01.01"]

1. e4 c5 2. Nf3 Nc6 3. d4 cxd4 4. Nxd4 g6 5. Nc3 Bg7 6. Be3 Nf6 7. f3 O-O 8.
Bc4 Qb6 9. Qd2 Nxe4 10. fxe4 Bxd4 11. Bxd4 Qxd4 12. Qxd4 Nxd4 13. O-O-O Nc6 14.
Rhf1 d6 15. h3 Kg7 16. Be2 Be6 17. g4 Rac8 18. h4 Nb4 19. Kb1 Nc6 20. h5 g5 21.
Nd5 Bxd5 22. exd5 Ne5 23. Bd3 Nxg4 24. Bf5 Ne3 25. Bxc8 Nxd1 26. Bxb7 Ne3 27.
Re1 Rb8 28. Bc6 Nc4 29. b3 Ne5 30. Kb2 f5 31. Bd7 f4 32. Bf5 h6 33. Kc3 Kf6 34.
Be4 g4 35. Kd4 Kg5 36. Rh1 g3 37. c4 Ng4 0-1

[Event "ENCI Limburg-open B"]
[Site "Maastricht"]
[Date "2011.06.13"]
[Round "7"]
[White "Gallardo Banez, Alfonso"]
[Black "Gerritsen, Diederik"]
[Result "1/2-1/2"]
[WhiteElo "1915"]
[BlackElo "1840"]
[PlyCount "31"]
[EventDate "2011.06.10"]
[EventType "swiss"]
[EventRounds "7"]
[EventCountry "NED"]
[Source "P.Boonen"]
[SourceDate "2012.01.01"]

1. c4 Nf6 2. g3 g6 3. Bg2 Bg7 4. Nc3 e5 5. e4 Nc6 6. Nge2 d6 7. O-O O-O 8. h3
Be6 9. d3 Ne8 10. Be3 Nd4 11. Kh2 h6 12. f4 f5 13. Qd2 Kh7 14. Rab1 Rb8 15. b4
b6 16. b5 1/2-1/2

[Event "ENCI Limburg-open B"]
[Site "Maastricht"]
[Date "2011.06.13"]
[Round "7"]
[White "Geboers, Jimmy"]
[Black "Cebula, Jerzy"]
[Result "1-0"]
[WhiteElo "1927"]
[BlackElo "1991"]
[PlyCount "32"]
[EventDate "2011.06.10"]
[EventType "swiss"]
[EventRounds "7"]
[EventCountry "NED"]
[Source "P.Boonen"]
[SourceDate "2012.01.01"]

1. d4 Nf6 2. c4 c5 3. d5 e6 4. Nc3 exd5 5. cxd5 d6 6. e4 g6 7. f4 Bg7 8. Bb5+
Nbd7 9. e5 dxe5 10. fxe5 Nh5 11. e6 fxe6 12. dxe6 Qh4+ 13. g3 Bxc3+ 14. bxc3
Qe4+ 15. Qe2 Qxh1 16. exd7+ Kd8 1-0

[Event "ENCI Limburg-open B"]
[Site "Maastricht"]
[Date "2011.06.13"]
[Round "7"]
[White "Gendarme, Pierre"]
[Black "Yue, Tim"]
[Result "1-0"]
[WhiteElo "1821"]
[BlackElo "1767"]
[PlyCount "51"]
[EventDate "2011.06.10"]
[EventType "swiss"]
[EventRounds "7"]
[EventCountry "NED"]
[Source "P.Boonen"]
[SourceDate "2012.01.01"]

1. d4 Nf6 2. Bg5 e6 3. e4 c5 4. e5 h6 5. Bh4 Qa5+ 6. Qd2 Qxd2+ 7. Nxd2 Ng8 8.
Nb3 cxd4 9. Nxd4 a6 10. O-O-O d5 11. exd6 Bxd6 12. Nxe6 Bxe6 13. Rxd6 g5 14.
Bg3 Nc6 15. Nf3 Rc8 16. a3 Nf6 17. Rd1 Ne4 18. Bd3 f5 19. Rhe1 Kf7 20. Bxe4
fxe4 21. Rxe4 Bf5 22. Re2 g4 23. Nh4 Bh7 24. Rd7+ Kf6 25. Red2 Rhd8 26. Rxh7
1-0

[Event "ENCI Limburg-open B"]
[Site "Maastricht"]
[Date "2011.06.13"]
[Round "7"]
[White "Gunther, Marcella"]
[Black "Machiroux, Bruno"]
[Result "0-1"]
[WhiteElo "1904"]
[BlackElo "1773"]
[PlyCount "52"]
[EventDate "2011.06.10"]
[EventType "swiss"]
[EventRounds "7"]
[EventCountry "NED"]
[Source "P.Boonen"]
[SourceDate "2012.01.01"]

1. e4 d5 2. exd5 Qxd5 3. Nc3 Qa5 4. d4 Nf6 5. Bd2 Bg4 6. Be2 Bxe2 7. Qxe2 Nc6
8. Nf3 O-O-O 9. Qc4 e6 10. O-O Be7 11. a3 Qf5 12. Ne2 Qd5 13. Qa4 Ne4 14. c4
Qd7 15. Be3 Kb8 16. Qc2 f5 17. b4 Bf6 18. Rab1 g5 19. b5 Ne7 20. Rfd1 Ng6 21.
a4 Qg7 22. c5 g4 23. Nd2 Nxd2 24. Rxd2 e5 25. Qxf5 exd4 26. Rbd1 dxe3 0-1

[Event "ENCI Limburg-open B"]
[Site "Maastricht"]
[Date "2011.06.13"]
[Round "7"]
[White "Hogerhorst, Tony"]
[Black "Bondarchuk, Vadim"]
[Result "0-1"]
[WhiteElo "1865"]
[BlackElo "1992"]
[PlyCount "96"]
[EventDate "2011.06.10"]
[EventType "swiss"]
[EventRounds "7"]
[EventCountry "NED"]
[Source "P.Boonen"]
[SourceDate "2012.01.01"]

1. c4 e6 2. Nc3 d5 3. cxd5 exd5 4. d4 Nf6 5. Nf3 Be7 6. e3 O-O 7. Bd3 c6 8. Qc2
Nbd7 9. Bd2 Re8 10. Ne5 Nf8 11. f4 Ng4 12. Nxg4 Bxg4 13. O-O Bd6 14. Bf5 Bh5
15. Rae1 Qf6 16. Bh3 Qh4 17. Bc1 Rad8 18. Qf2 Qxf2+ 19. Rxf2 f6 20. Ref1 Re7
21. g4 Bg6 22. f5 Be8 23. Bg2 Bd7 24. e4 dxe4 25. Nxe4 Bc7 26. b3 Bc8 27. Bb2
Rde8 28. Re2 Bd6 29. g5 Nd7 30. h4 Kh8 31. a3 Nb6 32. gxf6 gxf6 33. b4 Nd5 34.
Rff2 Bc7 35. Kf1 b6 36. b5 Kg7 37. Bf3 Bxf5 38. Bh5 Bxe4 39. Bxe8 Rxe8 40. Kg1
Kf7 41. bxc6 Rg8+ 42. Kf1 Bd3 43. Ke1 Bxe2 44. Kxe2 Nf4+ 45. Kd2 Rg2 46. Rxg2
Nxg2 47. Kd3 Nxh4 48. d5 Nf5 0-1

[Event "ENCI Limburg-open B"]
[Site "Maastricht"]
[Date "2011.06.13"]
[Round "7"]
[White "Ibrahim, Ashraf"]
[Black "Huebben, Dominik"]
[Result "1/2-1/2"]
[WhiteElo "1802"]
[BlackElo "1747"]
[PlyCount "37"]
[EventDate "2011.06.10"]
[EventType "swiss"]
[EventRounds "7"]
[EventCountry "NED"]
[Source "P.Boonen"]
[SourceDate "2012.01.01"]

1. d4 d5 2. c4 e6 3. Nc3 Nf6 4. Nf3 Be7 5. Bg5 O-O 6. e3 h6 7. Bh4 b6 8. Rc1
Bb7 9. Be2 dxc4 10. Bxc4 Nbd7 11. O-O Ne4 12. Bxe7 Qxe7 13. d5 Nxc3 14. Rxc3
exd5 15. Bxd5 Bxd5 16. Qxd5 c5 17. Qb7 Rfb8 18. Qc7 Rc8 19. Qb7 1/2-1/2

[Event "ENCI Limburg-open B"]
[Site "Maastricht"]
[Date "2011.06.13"]
[Round "7"]
[White "Ingelaere, Tijl"]
[Black "Hoelting, Siegfried"]
[Result "1/2-1/2"]
[WhiteElo "1737"]
[BlackElo "1943"]
[PlyCount "65"]
[EventDate "2011.06.10"]
[EventType "swiss"]
[EventRounds "7"]
[EventCountry "NED"]
[Source "P.Boonen"]
[SourceDate "2012.01.01"]

1. e4 e5 2. Nf3 Nc6 3. d4 exd4 4. Bc4 Be7 5. Nxd4 d6 6. Nxc6 bxc6 7. O-O Nf6 8.
Nc3 O-O 9. Be3 Ng4 10. Bf4 Bf6 11. Qd2 Ne5 12. Bb3 a5 13. Rad1 Ba6 14. Rfe1 Nc4
15. Bxc4 Bxc4 16. e5 dxe5 17. Bxe5 Qxd2 18. Rxd2 Rfe8 19. f4 g5 20. Ne4 Bxe5
21. fxe5 Kg7 22. Nxg5 Kg6 23. Nf3 Bd5 24. b3 a4 25. Kf2 axb3 26. cxb3 Ra3 27.
Nd4 Rea8 28. Ree2 R3a6 29. Nf3 Re8 30. Ne1 Kf5 31. Nd3 Rg8 32. g3 h5 33. Re3 {
.....} 1/2-1/2

[Event "ENCI Limburg-open B"]
[Site "Maastricht"]
[Date "2011.06.13"]
[Round "7"]
[White "Jakob, Matthias1"]
[Black "Van Foreest, Lucas"]
[Result "1-0"]
[WhiteElo "1997"]
[BlackElo "1874"]
[PlyCount "71"]
[EventDate "2011.06.10"]
[EventType "swiss"]
[EventRounds "7"]
[EventCountry "NED"]
[Source "P.Boonen"]
[SourceDate "2012.01.01"]

1. e4 e5 2. f4 Nc6 3. Nf3 Bc5 4. Nxe5 Nxe5 5. d4 Bxd4 6. Qxd4 Qh4+ 7. Qf2 Qxf2+
8. Kxf2 Nc6 9. Nc3 Nge7 10. Be3 d6 11. g3 Be6 12. Bg2 O-O-O 13. Rhd1 f6 14. a3
Kb8 15. b4 Bf7 16. Nd5 Nxd5 17. exd5 Ne7 18. a4 Rhe8 19. g4 h5 20. h3 hxg4 21.
hxg4 f5 22. g5 c6 23. dxc6 bxc6 24. b5 c5 25. a5 Nc8 26. b6 axb6 27. axb6 d5
28. Bxc5 Kb7 29. c4 Kc6 30. Be3 Ne7 31. Ra7 Kd6 32. c5+ Kc6 33. Rc7+ Kb5 34.
Rd4 Nc6 35. Bf1+ Kxc5 36. Rc4+ 1-0

[Event "ENCI Limburg-open B"]
[Site "Maastricht"]
[Date "2011.06.13"]
[Round "7"]
[White "Jansen, Michiel"]
[Black "Scheeren, Fred"]
[Result "0-1"]
[WhiteElo "1849"]
[BlackElo "1703"]
[PlyCount "64"]
[EventDate "2011.06.10"]
[EventType "swiss"]
[EventRounds "7"]
[EventCountry "NED"]
[Source "P.Boonen"]
[SourceDate "2012.01.01"]

1. e4 c5 2. c3 Nf6 3. e5 Nd5 4. d4 cxd4 5. cxd4 d6 6. Nf3 Nc6 7. Nc3 Nxc3 8.
bxc3 d5 9. Bd3 e6 10. O-O Be7 11. Qc2 h6 12. Qe2 Bd7 13. Ne1 Qc7 14. f4 g6 15.
Nf3 O-O-O 16. Be3 Kb8 17. c4 dxc4 18. Bxc4 Na5 19. Bd3 Bc6 20. Rfc1 Rd7 21.
Rab1 Qd8 22. Bd2 Bd5 23. Rb5 Nc6 24. Be3 Nb4 25. Bd2 Nxd3 26. Qxd3 Bxa2 27. Ba5
b6 28. Bb4 Bd5 29. Ra1 Rb7 30. Ba3 Bxa3 31. Qxa3 Bxf3 32. Qxf3 Qxd4+ 0-1

[Event "ENCI Limburg-open B"]
[Site "Maastricht"]
[Date "2011.06.13"]
[Round "7"]
[White "Johnen, Franz"]
[Black "Heijenrath, Jan"]
[Result "0-1"]
[WhiteElo "1842"]
[BlackElo "1782"]
[PlyCount "80"]
[EventDate "2011.06.10"]
[EventType "swiss"]
[EventRounds "7"]
[EventCountry "NED"]
[Source "P.Boonen"]
[SourceDate "2012.01.01"]

1. c4 Nf6 2. Nc3 e6 3. Nf3 Bb4 4. Qc2 O-O 5. e3 b6 6. Be2 Bb7 7. O-O Be7 8. Ng5
h6 9. Nge4 Nxe4 10. Nxe4 d5 11. cxd5 exd5 12. Ng3 Nd7 13. d4 c5 14. Nf5 Rc8 15.
Nxe7+ Qxe7 16. Qd2 Nf6 17. Bf3 Ne4 18. Qd1 c4 19. Qc2 f5 20. b3 b5 21. bxc4
Rxc4 22. Qb3 b4 23. a3 a5 24. axb4 axb4 25. Ra7 Rfc8 26. Qb1 R8c7 27. h3 Qh4
28. Bxe4 fxe4 29. Bd2 Qe7 30. Qb3 Qd6 31. g3 Bc8 32. Rxc7 Qxc7 33. Kg2 Qf7 34.
f4 exf3+ 35. Rxf3 Bxh3+ 36. Kf2 Qg6 37. Ke1 Qe4 38. Kf2 Rc2 39. Qxb4 Qd3 40.
Ke1 Bg4 0-1

[Event "ENCI Limburg-open B"]
[Site "Maastricht"]
[Date "2011.06.13"]
[Round "7"]
[White "Keetman, Dennis"]
[Black "Schubert, Karl"]
[Result "1/2-1/2"]
[WhiteElo "1880"]
[BlackElo "1838"]
[PlyCount "65"]
[EventDate "2011.06.10"]
[EventType "swiss"]
[EventRounds "7"]
[EventCountry "NED"]
[Source "P.Boonen"]
[SourceDate "2012.01.01"]

1. e4 d6 2. d4 Nf6 3. Nc3 g6 4. Nf3 Bg7 5. Be2 O-O 6. O-O c6 7. Be3 Qc7 8. Qd2
Nbd7 9. Bh6 e5 10. dxe5 dxe5 11. Rad1 Re8 12. Bxg7 Kxg7 13. Bc4 h6 14. h3 b5
15. Bd3 a6 16. Ne2 c5 17. Ng3 c4 18. Be2 Bb7 19. Nh4 Rh8 20. f4 Nc5 21. fxe5
Qxe5 22. Qd6 Qxd6 23. Rxd6 Nfd7 24. Bf3 Rhe8 25. b4 cxb3 26. axb3 a5 27. Nhf5+
gxf5 28. Nxf5+ Kf8 29. Rxh6 Kg8 30. Nd6 Re6 31. Rxe6 fxe6 32. Nxb5 Ne5 33. Re1
1/2-1/2

[Event "ENCI Limburg-open B"]
[Site "Maastricht"]
[Date "2011.06.13"]
[Round "7"]
[White "Keetman, Maaike"]
[Black "Zilverberg, Jasper"]
[Result "1/2-1/2"]
[WhiteElo "1657"]
[BlackElo "2028"]
[PlyCount "28"]
[EventDate "2011.06.10"]
[EventType "swiss"]
[EventRounds "7"]
[EventCountry "NED"]
[Source "P.Boonen"]
[SourceDate "2012.01.01"]

1. e4 Nf6 2. e5 Nd5 3. d4 d6 4. Nf3 c6 5. c4 Nb6 6. Nc3 Bg4 7. exd6 exd6 8. Be3
d5 9. c5 Nc8 10. Be2 Be7 11. O-O O-O 12. h3 Bxf3 13. Bxf3 Bf6 14. Re1 Ne7
1/2-1/2

[Event "ENCI Limburg-open B"]
[Site "Maastricht"]
[Date "2011.06.13"]
[Round "7"]
[White "Klein, Gernot"]
[Black "Esser, Thomas"]
[Result "1/2-1/2"]
[WhiteElo "1899"]
[BlackElo "1782"]
[PlyCount "132"]
[EventDate "2011.06.10"]
[EventType "swiss"]
[EventRounds "7"]
[EventCountry "NED"]
[Source "P.Boonen"]
[SourceDate "2012.01.01"]

1. e4 c5 2. Nf3 Nc6 3. Nc3 e6 4. d4 cxd4 5. Nxd4 Nf6 6. Nxc6 bxc6 7. e5 Nd5 8.
Ne4 Qc7 9. f4 Qb6 10. c4 Bb4+ 11. Ke2 f5 12. exf6 Nxf6 13. Be3 Qa6 14. Nxf6+
gxf6 15. Kf2 Qa5 16. a3 Be7 17. b4 Qc7 18. c5 O-O 19. Qg4+ Kh8 20. Bd3 a5 21.
Qh5 f5 22. Bd4+ Bf6 23. Bxf6+ Rxf6 24. Qe8+ Kg7 25. Qe7+ Rf7 26. Qg5+ Kh8 27.
Rhd1 Ba6 28. Bxa6 Rxa6 29. Kg1 Ra8 30. Qh5 Rg7 31. Qf3 Rg4 32. g3 Rg7 33. Qc3
Kg8 34. Rd6 Rf7 35. Qd4 Qb7 36. Rb1 a4 37. Rd1 Ra7 38. Rd2 Qb8 39. Qc3 Rg7 40.
Qe5 Rb7 41. Rxd7 Qxe5 42. Rd8+ Kf7 43. fxe5 Ke7 44. Rc8 Rg4 45. Rxc6 Re4 46.
Rb6 Rxb6 47. cxb6 Rxe5 48. Rc2 Rb5 49. Rc7+ Kd6 50. Rxh7 Rxb6 51. Ra7 e5 52.
Rxa4 Kd5 53. Ra5+ Ke4 54. Rc5 Rd6 55. Rc1 Ke3 56. b5 Kd2 57. Rc6 Rd7 58. b6 e4
59. Rc7 Rd3 60. b7 Rb3 61. Rd7+ Ke1 62. a4 e3 63. a5 e2 64. a6 f4 65. gxf4 Rg3+
66. Kh1 Rg1+ 1/2-1/2

[Event "ENCI Limburg-open B"]
[Site "Maastricht"]
[Date "2011.06.13"]
[Round "7"]
[White "Koelmans, Jan Willem"]
[Black "Senders, Mischa"]
[Result "1-0"]
[WhiteElo "2023"]
[BlackElo "1746"]
[PlyCount "69"]
[EventDate "2011.06.10"]
[EventType "swiss"]
[EventRounds "7"]
[EventCountry "NED"]
[Source "P.Boonen"]
[SourceDate "2012.01.01"]

1. Nf3 Nf6 2. d4 c5 3. d5 b5 4. c4 Bb7 5. a4 bxc4 6. Nc3 d6 7. e4 Nbd7 8. Bxc4
g6 9. O-O Bg7 10. a5 Rb8 11. Qe2 O-O 12. h3 Re8 13. Bf4 h6 14. Bh2 g5 15. Rfd1
Nf8 16. Bb5 N6d7 17. e5 e6 18. dxe6 Rxe6 19. Rxd6 Rxd6 20. exd6 Bxf3 21. gxf3
Ng6 22. Nd5 Nde5 23. Ne7+ Nxe7 24. Bxe5 Ng6 25. Bxg7 Kxg7 26. Rd1 Qxa5 27. Bc4
Rd8 28. b3 Qb6 29. d7 Qc7 30. Qe8 Ne5 31. Kg2 Nxc4 32. bxc4 a5 33. Rd6 Qb8 34.
Qe5+ Kg8 35. Qf6 1-0

[Event "ENCI Limburg-open B"]
[Site "Maastricht"]
[Date "2011.06.13"]
[Round "7"]
[White "Kuryliw, Ray"]
[Black "Lemmen, Raoul"]
[Result "1/2-1/2"]
[WhiteElo "1831"]
[BlackElo "1855"]
[PlyCount "110"]
[EventDate "2011.06.10"]
[EventType "swiss"]
[EventRounds "7"]
[EventCountry "NED"]
[Source "P.Boonen"]
[SourceDate "2012.01.01"]

1. f4 g6 2. Nf3 Bg7 3. e3 c5 4. Nc3 e6 5. b3 Nc6 6. Bb2 d6 7. Be2 Nge7 8. Qc1
O-O 9. Ne4 f6 10. g4 f5 11. Bxg7 Kxg7 12. Qb2+ e5 13. gxf5 Nxf5 14. O-O-O Qe7
15. Rdg1 d5 16. Ng3 d4 17. fxe5 dxe3 18. dxe3 Nxg3 19. Rxg3 Bf5 20. Bd3 Rad8
21. e4 Be6 22. Kb1 a6 23. h4 h5 24. Rhg1 Bg4 25. e6+ Qf6 26. Nh2 Qxb2+ 27. Kxb2
Rf6 28. Nxg4 hxg4 29. Rxg4 Ne5 30. R4g3 Rxe6 31. h5 Rdd6 32. hxg6 Rxg6 33.
Rxg6+ Rxg6 34. Rxg6+ Kxg6 35. a4 a5 36. Kc3 Kf6 37. Kd2 Ke6 38. Ke3 Kd6 39. Kf4
Ng6+ 40. Kf5 Ne5 41. Bc4 Nd7 42. Bb5 Ne5 43. Be8 Nf3 44. Kf4 Ne5 45. Bh5 Ke6
46. Bf3 b6 47. Be2 Ng6+ 48. Ke3 Ne5 49. Bc4+ Kd6 50. Bd5 Ke7 51. Kd2 Kd6 52.
Kc3 Kc7 53. Kb2 Kd6 54. Ka3 Nd7 55. Kb2 Ne5 1/2-1/2

[Event "ENCI Limburg-open B"]
[Site "Maastricht"]
[Date "2011.06.13"]
[Round "7"]
[White "Lafosse, Jimmy"]
[Black "Henrotte, Nils"]
[Result "1-0"]
[WhiteElo "2037"]
[BlackElo "1963"]
[PlyCount "55"]
[EventDate "2011.06.10"]
[EventType "swiss"]
[EventRounds "7"]
[EventCountry "NED"]
[Source "P.Boonen"]
[SourceDate "2012.01.01"]

1. e4 e6 2. d4 d5 3. Nd2 c5 4. Ngf3 Nc6 5. c3 cxd4 6. cxd4 Bd6 7. e5 Bc7 8. Bd3
Nge7 9. O-O h6 10. Re1 Nf5 11. Bxf5 exf5 12. Nf1 Be6 13. Ng3 Qd7 14. Nh5 Rh7
15. a3 Bd8 16. b4 g6 17. Nf4 Rh8 18. Qd3 Bg5 19. Nxe6 fxe6 20. Nxg5 hxg5 21.
Bxg5 Rh5 22. h4 Kf7 23. Rac1 Rhh8 24. Qd2 Rhc8 25. Bf6 Kg8 26. h5 Qh7 27. hxg6
Qxg6 28. Rc3 1-0

[Event "ENCI Limburg-open B"]
[Site "Maastricht"]
[Date "2011.06.13"]
[Round "7"]
[White "Lentjes, Noud"]
[Black "Holwijn, Melvin"]
[Result "1-0"]
[WhiteElo "1869"]
[BlackElo "2009"]
[PlyCount "101"]
[EventDate "2011.06.10"]
[EventType "swiss"]
[EventRounds "7"]
[EventCountry "NED"]
[Source "P.Boonen"]
[SourceDate "2012.01.01"]

1. e4 e5 2. Nf3 Nf6 3. Nxe5 d6 4. Nf3 Nxe4 5. Nc3 Nxc3 6. dxc3 Be7 7. Be3 Nc6
8. Qd2 O-O 9. O-O-O Ne5 10. Be2 Be6 11. Nxe5 dxe5 12. Qe1 Qe8 13. c4 Qa4 14.
Kb1 Bb4 15. c3 Be7 16. Qd2 Bf5+ 17. Bd3 Rfd8 18. Bxf5 Rxd2 19. Rxd2 Qxc4 20.
Rhd1 Bd6 21. Rd5 g6 22. Bc2 a5 23. Bg5 Kg7 24. R5d3 h6 25. Bc1 a4 26. h4 h5 27.
g3 a3 28. b3 Qc6 29. f3 f5 30. g4 e4 31. fxe4 fxe4 32. Rd4 Qxc3 33. Rc4 Qf3 34.
Rxe4 Rf8 35. g5 Qg2 36. Be3 Rf1 37. Bd4+ Kf8 38. Ree1 Rxe1 39. Rxe1 Bb4 40. Be4
Qh3 41. Rh1 Qe6 42. Rf1+ Ke8 43. Bc2 Be7 44. Rd1 b5 45. Bc3 Kf7 46. Rf1+ Kg8
47. b4 Kh7 48. Bb3 Qe4+ 49. Ka1 Qb7 50. Rf7+ Kg8 51. Rg7+ 1-0

[Event "ENCI Limburg-open B"]
[Site "Maastricht"]
[Date "2011.06.13"]
[Round "7"]
[White "Maassen van den Brink, Koen"]
[Black "Lenaerts, Lennert"]
[Result "0-1"]
[WhiteElo "1982"]
[BlackElo "1867"]
[PlyCount "78"]
[EventDate "2011.06.10"]
[EventType "swiss"]
[EventRounds "7"]
[EventCountry "NED"]
[Source "P.Boonen"]
[SourceDate "2012.01.01"]

1. e4 d5 2. Nc3 Nf6 3. e5 d4 4. exf6 dxc3 5. fxg7 cxd2+ 6. Bxd2 Bxg7 7. Qf3
Bxb2 8. Rd1 Qd4 9. Be2 Qg7 10. Rb1 Nc6 11. c3 Ba3 12. Rb3 Bd6 13. Bb5 Bd7 14.
Ba4 Rb8 15. Ne2 Rg8 16. Ng3 Qg4 17. Bxc6 Bxc6 18. Qxg4 Rxg4 19. f3 Ra4 20. Rb2
Bd5 21. O-O Rxa2 22. Rxa2 Bxa2 23. Ne4 Be6 24. Ra1 a6 25. Nxd6+ exd6 26. Bf4
Kd7 27. Ra5 c5 28. Rxc5 dxc5 29. Bxb8 b5 30. Kf2 b4 31. cxb4 cxb4 32. Ke2 a5
33. Kd2 a4 34. Kc1 a3 35. Be5 Kc6 36. g4 Kd5 37. Bf6 Kc4 38. h4 Bd5 39. f4 Be4
0-1

[Event "ENCI Limburg-open B"]
[Site "Maastricht"]
[Date "2011.06.13"]
[Round "7"]
[White "Marinc, Damir"]
[Black "Moog, Gerhard"]
[Result "1-0"]
[WhiteElo "2049"]
[BlackElo "1944"]
[PlyCount "63"]
[EventDate "2011.06.10"]
[EventType "swiss"]
[EventRounds "7"]
[EventCountry "NED"]
[Source "P.Boonen"]
[SourceDate "2012.01.01"]

1. c4 g6 2. g3 Bg7 3. Bg2 c6 4. Nc3 e5 5. b3 Ne7 6. e4 c5 7. d3 d6 8. h4 h5 9.
Bg5 f6 10. Bd2 Nbc6 11. Nge2 Nd4 12. Nxd4 exd4 13. Ne2 f5 14. Bg5 O-O 15. Nf4
Bf6 16. exf5 Bxf5 17. Bxf6 Rxf6 18. Bxb7 Rb8 19. Bg2 Qe8 20. O-O Qd7 21. Re1
Rbf8 22. Qd2 Nc6 23. Bxc6 Qxc6 24. Nd5 R6f7 25. Ne7+ Rxe7 26. Rxe7 Bh3 27. Re4
Bf5 28. Rf4 Re8 29. Re1 Re5 30. Rxe5 dxe5 31. Rxf5 gxf5 32. Qg5+ 1-0

[Event "ENCI Limburg-open B"]
[Site "Maastricht"]
[Date "2011.06.13"]
[Round "7"]
[White "Maurissen, Wim"]
[Black "Dittmar, Thomas"]
[Result "1-0"]
[WhiteElo "1906"]
[BlackElo "1974"]
[PlyCount "55"]
[EventDate "2011.06.10"]
[EventType "swiss"]
[EventRounds "7"]
[EventCountry "NED"]
[Source "P.Boonen"]
[SourceDate "2012.01.01"]

1. d4 Nf6 2. Bg5 c5 3. Bxf6 exf6 4. c3 d5 5. e3 Nc6 6. Bd3 Bd6 7. Nd2 cxd4 8.
exd4 O-O 9. Qh5 f5 10. Ne2 g6 11. Qf3 Be7 12. Nf4 Be6 13. O-O Bg5 14. Rfe1 Qd6
15. Nxe6 fxe6 16. Qe2 Bxd2 17. Qxd2 e5 18. dxe5 Nxe5 19. Rad1 Ng4 20. g3 f4 21.
Bc4 fxg3 22. Qxd5+ Qxd5 23. Bxd5+ Kh8 24. fxg3 Rab8 25. Re7 Rfd8 26. Bf3 Nf6
27. Rxd8+ Rxd8 28. Rxb7 1-0

[Event "ENCI Limburg-open B"]
[Site "Maastricht"]
[Date "2011.06.13"]
[Round "7"]
[White "Meyes, Richard"]
[Black "Memeti, Kushtrim"]
[Result "0-1"]
[WhiteElo "1749"]
[BlackElo "1830"]
[PlyCount "36"]
[EventDate "2011.06.10"]
[EventType "swiss"]
[EventRounds "7"]
[EventCountry "NED"]
[Source "P.Boonen"]
[SourceDate "2012.01.01"]

1. e4 b6 2. d4 Bb7 3. Bd3 e6 4. Nf3 c5 5. Nc3 Nf6 6. Qe2 Be7 7. O-O O-O 8. e5
Nd5 9. Qe4 g6 10. Nb5 f5 11. exf6 Rxf6 12. c4 Nb4 13. Qxb7 N8c6 14. Ne5 a6 15.
Na3 Ra7 16. Nxc6 Nxc6 17. Qxa7 Nxa7 18. dxc5 bxc5 0-1

[Event "ENCI Limburg-open B"]
[Site "Maastricht"]
[Date "2011.06.13"]
[Round "7"]
[White "Modder, Frank"]
[Black "Tsiros, Fragkiskos Vlasios"]
[Result "1/2-1/2"]
[WhiteElo "1901"]
[BlackElo "1708"]
[PlyCount "48"]
[EventDate "2011.06.10"]
[EventType "swiss"]
[EventRounds "7"]
[EventCountry "NED"]
[Source "P.Boonen"]
[SourceDate "2012.01.01"]

1. e4 c5 2. Nc3 a6 3. Nf3 d6 4. g3 g6 5. Bg2 Bg7 6. O-O Nc6 7. d3 e6 8. Be3 Nd4
9. Qd2 Ne7 10. Nd1 Nec6 11. Nxd4 cxd4 12. Bh6 O-O 13. Bxg7 Kxg7 14. c3 e5 15.
f4 f5 16. cxd4 Qb6 17. Kh1 Qxd4 18. Rc1 fxe4 19. Bxe4 d5 20. Bg2 e4 21. Qc3
exd3 22. Bxd5 Qxc3 23. Rxc3 Nb4 24. Be4 Nxa2 1/2-1/2